000 01084pam a2200301 a 4500
001 1466
005 20231123144325.0
020 _a090129003990
040 _aDLC
_cDLC
_dDLC
_beng
050 0 0 _aPZ7.O81167
_bDay 1998
082 0 0 _a813.54
_221
100 1 _aOsborne, Mary Pope
245 1 0 _aDay of the Dragon King /
_cby Mary Pope Osborne ; illustrated by Sal Murdocca.
260 _aNew York :
_bRandom House,
_c1998
300 _a68 pages :
_billustrations
_c20 cm
490 1 _aMagic tree house
_vBook 14
500 _a"Stepping Stone book."
505 _aG
520 _aThe magic treehouse takes Jack and Annie back two thousand years to ancient China where they must find the original copy of an old legend before the Imperial Library is burned down by the evil Dragon King.
521 _a380
_bLexile
521 _aG
_bRaz-Plus
650 1 _aTime travel
_xFiction.
650 1 _aMagic
_xFiction.
650 1 _aTree houses
_xFiction.
700 1 _aMurdocca, Sal
_eillustrator
906 _a7
_bcbc
_corignew
_d1
_eocip
_f19
_gy-gencatlg
942 _2ddc
_cBK
_n0
999 _c1466
_d1466